00664nam a2200229 a 4500001001300000003000900013005001700022008004100039020002100080082001700101100002000118245002100138260004300159300000900202500003500211505002400246700002000270902000800290942000700298952011400305999001500419nice12345678IN_TiNIC20260116013037.0050524s1994 lona grp 000 0 eng  a0006384684 c000a963.986bTAY aTaylor, Stephen aShaka`s Children aLondon bCollins Religious Pub. c1994 a416p aincludes index and biblioraphy2 aBibliography, Index1 aTaylor, Stephen bSRS cBK 001040708StackRoom-aHMIbHMId2005-05-24g0.00l0o963.986 TAYp017420r2005-05-24v0.00w2005-05-24yBK c9402d9402